01187nam a22002775a 450000500170000000800410001701000140005802000230007203500130009503700150010804000170012308200100014011000460015024500880019626000450028427000570032930000230038649000890040950000500049852001320054870000160068070000300069694200240072699900170075095201420076720090808135350.0090103s2009 ii b 101 0 eng  aENG-94679 a8185753962c600.00 aEN-78212 bDBAD / PUB adplbEnglish a307.2 aForum on Contemporary Theory.bConference aThinking territory :bsome reflections /cedited by B.P. Giri (and) Prafulla C. Kar aNew Delhi bPencraft Internationalc2009 a4262/3, Ansari Road, Darya Ganj, bNew Delhie110002 a268 p. ;c23cm(Hb) aCritical interventions in theory and praxis / Centre for Contemporary Theory, Baroda aIncludes bibliographical references and index aContributed papers presented 10th Annual Conference of the Forum on Contemporary Theory held in Goa during 17-20 December 2007. aGiri, B. P. aKar, P. C.q(Prafulla C.) 2ddccENmTHIh307.2 c29029d29029 00102ddc40718NFICaDBADbDBADd2009-08-08eDBAD / PUBg600.00l0o307.2 THIpEN-78212r2009-08-08 00:00:00t1v600.00w2009-08-08yEN